000
00206 a2200097 4500
001
43823
100
_a
Higgin
245
_a
Symptoms of tomorrow
260
_a
London
_b
Plume press
_c
090
_c
27583
_d
27583
942
_a
NUST-CAE
_c
M
_c
19539
999
_c
278896
_d
278896